Rosa Bologna 25-26 - Statistics

Statistiche generali
  • Questo quiz è stato fatto 32 volte
  • Il punteggio medio è 23 su 30
Statistiche sulle risposte
Ruolo Numero Nazionalità Valore Risposta % Corretto
POR 1 POLONIA 2,5 mln Lukasz Skorupski
100%
AD 7 ITALIA 25 mln Riccardo Orsolini
96%
POR 13 ITALIA 2 mln Federico Ravaglia
93%
CC 19 SCOZIA 20 mln Lewis Ferguson
93%
ATT 9 ARGENTINA / ITALIA 35 mln Santiago Castro
93%
DC 26 COLOMBIA 25 mln Jhon Lucumi
89%
AS 30 ARGENTINA 12 mln Benjamin Dominguez
86%
COC 21 DANIMARCA 15 mln Jens Odgaard
86%
AS 28 ITALIA 18 mln Nicolò Cambiaghi
86%
ATT 24 PAESI BASSI 12 mln Thijs Dallinga
86%
ALL - ITALIA - Vincenzo Italiano
86%
AS 11 INGHILTERRA / GIAMAICA 16 mln Jonathan Rowe
82%
TS 33 SPAGNA 15 mln Juan Miranda
82%
CC 8 SVIZZERA 4 mln Remo Freuler
82%
TD 2 SVEZIA 13 mln Emil Holm
79%
AD 10 ITALIA 3,5 mln Federico Bernardeschi
79%
TS 22 GRECIA 1,5 mln Charalampos Lykogiannis
75%
TD 29 ITALIA 0,7 mln Lorenzo De Silvestri
75%
ATT 17 ITALIA 2 mln Ciro Immobile
71%
(COC) 80 ITALIA 10 mln Giovanni Fabbian
71%
DC 41 REPUBBLICA CECA 10 mln Martin Vitik
71%
TD 20 ITALIA 7,5 mln Nadir Zortea
71%
DC 14 NORVEGIA 14 mln Torbjorn Heggem
71%
CDC 6 CROAZIA 6,5 mln Nikola Moro
68%
CC 4 ITALIA 9 mln Tommaso Pobega
68%
DC 16 ITALIA 5 mln Nicolò Casale
64%
POR 25 ITALIA 1 mln Massimo Pessina
61%
(CC) 77 GHANA 6 mln Ibrahim Sulemana
54%
CC 23 SVIZZERA / NIGERIA 8 mln Simon Sohm
32%
DC 5 NORVEGIA 6 mln Eivind Helland
29%
Nessun quiz corrispondente trovato
Distribuzione punteggi
Percentuale di utenti per punteggio
Percentile per numero di risposta
I tuoi punteggi nel tempo
Non hai fatto questo quiz